| 000 | 01023cam a22003014a 4500 | ||
|---|---|---|---|
| 001 | 16492655 | ||
| 005 | 20180216080535.0 | ||
| 008 | 101005s2012 mauaf bf 001 0 eng | ||
| 010 | _a 2010042912 | ||
| 020 | _a9780132109079 | ||
| 020 | _a0132109077 | ||
| 035 | _a(DNLM)101543209 | ||
| 040 |
_aDNLM/DLC _cDLC _dDLC |
||
| 041 | _aeng | ||
| 042 | _apcc | ||
| 060 | 1 | 0 | _aWY 157.3 |
| 080 | _a618.20231 mic | ||
| 082 | 0 | 0 |
_a618.20231 mic _222 |
| 100 | 1 | _a4 | |
| 101 | _ashm | ||
| 245 | 1 | 0 |
_aOlds' maternal-newborn nursing & women's health across the lifespan / _cMichele R. Davidson, Marcia L. London, Patricia A. Wieland Ladewig. |
| 246 | 1 | _aOlds' maternal-newborn nursing and women's health across the lifespan | |
| 246 | 1 | _aMaternal-newborn nursing & women's health across the lifespan | |
| 504 | _aIncludes bibliographical references and index. | ||
| 906 |
_a7 _bcbc _corignew _d1 _eecip _f20 _gy-gencatlg |
||
| 942 |
_2ddc _cBK |
||
| 999 |
_c42824 _d42824 |
||